Prueba de Cantabria - Estadísticas

Estadísticas generales
  • Esta prueba ha sido intentada 32 veces
  • La puntuación promedio es 10 de 16
Estadísticas de respuestas
Pregunta Respuesta % Correcto
Capital de la Comunidad Santander
100%
Cantante y ex concursante televisivo nacido en San Vicente de la Barquera. Sus ventas totales se estiman en más de dos millones de copias. David Bustamante
91%
Político, economista y escritor nacido en Salceda. Presidente de Cantabria durante veinte años. Habitual en las tertulias políticas televisivas. Miguel Ángel Revilla
91%
Club de fútbol de dicha capital, fue uno de los diez participantes en la primera edición de la historia de La Liga y actualmente en el Top 20 de la clasificación histórica de dicha competición. Real Racing Club
91%
Cadena montañosa y parque nacional que Cantabria comparte con Asturias y León. Picos de Europa
83%
Municipio conocido como "La Villa de las tres mentiras". Santillana del Mar
78%
Pescado más recurrente en la cocina cántabra, consumido habitualmente en salazón. Anchoa
65%
Actor nacido en Torrelavega. Con más de 40 años de trayectoria, sigue siendo un habitual del cine y la televisión; con títulos como Celda 211, Los Serrano o La Buena Estrella. Antonio Resines
65%
Aperitivo elaborado a base de calamar rebozado, uno de los más recurrentes en la hostelería cántabra. Rabas
61%
Pez espinoso habitual en la costa cántabra. Con su carne se elabora un pastel muy valorado en la cocina cántabra. Cabracho
52%
Dulce elaborado con mantequilla, huevos, harina, azúcar, sal y limón. Su textura es similar a la de un bizcocho. Sobao
52%
Leyenda del golf nacido en Pedreña. Es considerado uno de los mejores golfistas de la historia. Severiano Ballesteros
43%
El cocido montañés, típico de Cantabria, es el único cocido de España que no incluye... Garbanzos
39%
¿Cuáles son esas tres mentiras? Ni es santa, ni es llana ni tiene mar.
30%
Municipio considerado uno de los más bonitos de España. Ubicado en pleno valle, es famoso por su arquitectura, sus imponentes vistas a la sierra y por su gastronomía, en especial los quesos. Potes
30%
Ex futbolista nacido en Guarnizo. Considerado uno de los mejores futbolistas españoles de la historia, desarrolló gran parte de su carrera en el Real Madrid y fue apodado "La Galerna del Cantábrico" Francisco Gento
26%
No se encontraron pruebas coincidentes
Distribución de puntuación
Porcentaje de gente con cada puntuación
Porcentaje por número respondido
Historial de tus puntuaciones
No has intentado esta prueba.